000 00498nam a2200181Ia 4500
005 20250508151517.0
008 008 250505s9999 xx 000 0 eng d
037 _aTextual
040 _aFEDL
_beng
_cFEDL
041 _aeng
_2eng
084 _a630, BOS
_qFEDL
100 _aBoss Andrew
_9759339
245 0 _aAmerican farming agriculture II
260 _aSaint Paul
_bThe Webb Publishing Company
_c1951
300 _a499p.
942 _cTEXL
_h630, BOS
999 _c1330271
_d1330271